Personalizmus v architektúre /

Gespeichert in:
Bibliographische Detailangaben
1. Verfasser: Koban, Juraj (Verfasst von)
Format: Buch
Sprache:Slowakisch
Veröffentlicht: Košice : Technická univerzita v Košiciach, Fakulta umení, 2024
Ausgabe:2. vydanie
Schlagworte:
Tags: Tag hinzufügen
Keine Tags, Fügen Sie das erste Tag hinzu!

MARC

LEADER 00000nam a22000003a 4500
001 0116029
003 SK-STU
005 20250617151236.1
007 ta
008 250617s ----xo-----e------000-0-----d
020 |a 80-968497-0-0 
040 |a STU  |b slo 
041 0 |a slo 
044 |a xo 
100 1 |a Koban, Juraj  |4 aut 
245 1 0 |a Personalizmus v architektúre /  |c aut. Juraj Koban 
250 |a 2. vydanie 
260 |a Košice :  |b Technická univerzita v Košiciach, Fakulta umení,  |c 2024 
300 |a 191 s. 
650 0 7 |a teória architektúry 
650 0 7 |a architektúra 
650 0 7 |a architekti 
650 0 7 |a ľudia 
650 0 7 |a sociálne aspekty 
650 0 7 |a architektúra organická 
650 0 7 |a participácia 
650 0 7 |a architektonické dielo 
650 0 7 |a občianske stavby 
650 0 7 |a Slovensko 
650 0 7 |a Poprad 
650 0 7 |a Košice 
650 0 7 |a Východné Slovensko 
996 |b 284AU10442  |c A* 13617/U  |l AAKNAR  |s A  |a 24  |w 0116029_0001